Statystyki dla Quiz literacki - Z jakiej książki są ci bohaterowie?

Kliknij tutaj aby rozwiązać quiz!

Ogólne statystyki

  • Ten quiz został rozwiązany 37 razy
  • Średni wynik to 3 z 7

Statystyki odpowiedzi

ZagadnienieOdpowiedź% Poprawnych
Atticus Finch"Zabić drozda" Harper Lee
62%
Jo March"Małe kobietki" Louisy May Alcott
50%
Oberon"Sen nocy letniej" Williama Shakespeare'a
47%
Gilberta Swann"W poszukiwaniu straconego czasu" Marcela Prousta
44%
Róża Żabczyńska"Cudzoziemka" Marii Kuncewiczowej
41%
Piotr Stiepanowicz Wierchowieński"Biesy" Fiodora Dostojewskiego
29%
Bolesław"Brzezina" Jarosława Iwaszkiewicza
18%

Rozkład punktacji

Percentyl według liczby udzielonych odpowiedzi

Procent ludzi z każdym wynikiem

Twoja historia wyników

Nie rozwiązałeś tego quizu